000 00745cam a2200253 4500500
005 20260329002935.0
041 _afre
042 _adc
100 1 0 _aWilliams, Patrick
_eauthor
245 0 0 _aLa morale républicaine, un retour au catéchisme ?
260 _c2014.
500 _a5
690 _aCatéchisme
690 _aCours de morale
690 _aÉcole
690 _aÉducation nationale
690 _aEnquête
690 _aMorale
690 _aNormand Baillargeon
690 _aRuwen Ogien
690 _aVincent Peillon
786 0 _nPhilosophie magazine | 78 | 4 | 2014-04-01 | p. 32-34 | 1951-1787
856 4 1 _uhttps://shs.cairn.info/magazine-philosophie-magazine-2014-4-page-32?lang=fr&redirect-ssocas=7080
999 _c1819810
_d1819810